[Event "DSOL 03 Liga Gr-D 1st"]
[Site "Playchess.com INT"]
[Date "2020.07.24"]
[Round "5.3"]
[White "Frost, Andreas"]
[Black "Beckmann, David"]
[Result "1/2-1/2"]
[WhiteElo "1914"]
[BlackElo "2003"]
[PlyCount "177"]
[EventDate "2020.06.22"]
[EventType "team-tourn (rapid)"]
[EventCountry "GER"]
[SourceTitle "EXT 2021"]
[Source "ChessBase"]
[SourceDate "2020.10.23"]
[SourceVersion "1"]
[SourceVersionDate "2020.10.23"]
[SourceQuality "1"]
[WhiteTeam "Wuerselen"]
[BlackTeam "Borken"]
[WhiteTeamCountry "GER"]
[BlackTeamCountry "GER"]

1. g3 d5 2. Bg2 Nf6 3. c4 e6 4. cxd5 exd5 5. Nf3 Be7 6. 0-0 0-0 7. d3 c6 8. Qc2 Bf5 9. Bg5 Nbd7 10. Nbd2 h6 11. Bxf6 Nxf6 12. Rfe1 Re8 13. e4 dxe4 14. dxe4 Bh7 15. Rad1 Qb6 16. b3 Bb4 17. Re2 Qa6 18. Bf1 Qa5 19. Nc4 Qh5 20. Nfd2 b5 21. a3 Bxd2 22. Nxd2 Ng4 23. f3 Ne5 24. Bg2 Rad8 25. Re3 c5 26. Kh1 Nc6 27. Nf1 Nd4 28. Qf2 Rd6 29. Rc3 Rf6 30. Rdc1 Ne6 31. Qe2 a6 32. Ne3 Nd4 33. Qd1 Nxf3 34. Nf1 Bxe4 35. Rxc5 Qg6 36. Qd7 Rfe6 37. Rc8 f5 38. R1c7 Ne5 39. Rxe8+ Rxe8 40. Qd2 Bxg2+ 41. Qxg2 Qb6 42. Rb7 Qc6 43. Qxc6 Nxc6 44. Rb6 Nd4 45. Rxa6 Nxb3 46. Kg1 Re2 47. Rb6 Nd4 48. Rb8+ Kh7 49. Rd8 Nf3+ 50. Kh1 Rf2 51. Rd1 Kg6 52. Rb1 Kf6 53. Rd1 Ke6 54. Rb1 Kd6 55. Rd1+ Kc6 56. Rc1+ Kb6 57. Rd1 Ka5 58. Ra1 Ka4 59. Rb1 g6 60. Ra1 Kb3 61. Rb1+ Rb2 62. Rxb2+ Kxb2 63. Kg2 Nd4 64. Kf2 Kxa3 65. Ke3 Ne6 66. Kd3 Kb4 67. Nd2 Kc5 68. Nf3 g5 69. Nd2 Nd4 70. h3 Kd5 71. h4 g4 72. Ke3 Ke5 73. Nb1 b4 74. Nd2 b3 75. Nc4+ Kd5 76. Kd3 Nb5 77. Ne3+ Ke5 78. Nc4+ Kf6 79. Ke3 Nc3 80. Nb2 h5 81. Nd3 Ne4 82. Kf4 Nc3 83. Ke3 Na4 84. Kd2 b2 85. Kc2 Kg6 86. Nf4+ Kh6 87. Nd3 Kg7 88. Nf4 Kh6 89. Nd3 1/2-1/2

[Event "Dortmund Sparkassen op 47th"]
[Site "Dortmund"]
[Date "2019.07.20"]
[Round "8"]
[White "Beckmann, David"]
[Black "Stillger, Bernhard"]
[Result "1/2-1/2"]
[WhiteElo "2016"]
[BlackElo "2199"]
[PlyCount "107"]
[EventDate "2019.07.13"]
[EventType "swiss"]
[EventRounds "9"]
[EventCountry "GER"]
[SourceTitle "EXT 2020"]
[Source "ChessBase"]
[SourceDate "2019.10.17"]
[SourceVersion "1"]
[SourceVersionDate "2019.10.17"]
[SourceQuality "1"]

1. d4 Nf6 2. Nf3 e6 3. g3 d5 4. Bg2 Be7 5. 0-0 0-0 6. c4 dxc4 7. Qc2 a6 8. a4 Bd7 9. Ne5 Bc6 10. Nxc6 Nxc6 11. Bxc6 bxc6 12. Qxc4 Qd5 13. Qc2 Rab8 14. Nc3 Qxd4 15. Bg5 h6 16. Bxf6 Bxf6 17. Rab1 Rb4 18. Rfd1 Qc4 19. Rd3 Rfb8 20. Qd2 Rb3 21. Qc2 Bxc3 22. Rc1 Rxb2 23. Qxc3 Qxc3 24. Rcxc3 Rxe2 25. Rxc6 Rbb2 26. Rf3 Rec2 27. Rxa6 Rb8 28. a5 g6 29. Ra7 Kg7 30. a6 f5 31. Ra3 Rb1+ 32. Kg2 Rbb2 33. Rxc7+ Rxc7 34. a7 Rc8 35. a8Q Rxa8 36. Rxa8 g5 37. Ra7+ Kf6 38. Ra5 g4 39. Rc5 Ra2 40. Rb5 h5 41. Rc5 Re2 42. Ra5 Kg5 43. Ra8 Rb2 44. Rg8+ Kf6 45. Rf8+ Kg7 46. Ra8 e5 47. Ra6 f4 48. gxf4 exf4 49. Ra4 f3+ 50. Kg3 Kg6 51. Ra6+ Kg5 52. Ra5+ Kg6 53. Ra6+ Kf5 54. Ra5+ 1/2-1/2

[Event "Dortmund Sparkassen op 47th"]
[Site "Dortmund"]
[Date "2019.07.13"]
[Round "1"]
[White "Webb, Laurence"]
[Black "Beckmann, David"]
[Result "1/2-1/2"]
[WhiteElo "2327"]
[BlackElo "2016"]
[PlyCount "122"]
[EventDate "2019.07.13"]
[EventType "swiss"]
[EventRounds "9"]
[EventCountry "GER"]
[SourceTitle "EXT 2020"]
[Source "ChessBase"]
[SourceDate "2019.10.17"]
[SourceVersion "1"]
[SourceVersionDate "2019.10.17"]
[SourceQuality "1"]

1. d4 d5 2. c4 e6 3. Nc3 Nf6 4. cxd5 exd5 5. Bg5 Be7 6. e3 c6 7. Bd3 Nbd7 8. Nf3 Ne4 9. Bxe7 Qxe7 10. 0-0 Nxc3 11. bxc3 Nf8 12. Re1 Ne6 13. e4 dxe4 14. Bxe4 0-0 15. Ne5 Qc7 16. Qh5 g6 17. Qh6 Ng7 18. g3 Be6 19. Qf4 Nh5 20. Qh4 Qd8 21. Qxd8 Rfxd8 22. Rab1 Rab8 23. Rb2 Nf6 24. Bf3 Nd7 25. Nd3 Bc4 26. Nf4 Nb6 27. Kg2 Re8 28. Ra1 Re7 29. a4 Nd5 30. Nxd5 cxd5 31. a5 Rc8 32. Ra4 Rcc7 33. Rab4 Kg7 34. h4 f5 35. Rd2 Red7 36. Rd1 Kf6 37. Re1 Re7 38. Rbb1 Rxe1 39. Rxe1 Re7 40. Rxe7 Kxe7 41. Bd1 Bb5 42. Kf3 Kf6 43. Ke3 h6 44. f4 h5 45. Kd2 Ke6 46. Kc1 Kd6 47. Kb2 b6 48. axb6 axb6 49. Bb3 Bc6 50. Ka3 Bd7 51. Kb4 Be8 52. Bd1 Bc6 53. Be2 Kc7 54. Ba6 Bd7 55. c4 dxc4 56. Kxc4 Kd6 57. Bb7 Bc6 58. Bc8 b5+ 59. Kd3 Kd5 60. Ba6 Kd6 61. Bc8 Bd5 1/2-1/2

[Event "Muensterland Verbandsliga 1819"]
[Site "Germany"]
[Date "2019.01.26"]
[Round "6.2"]
[White "Beckmann, David"]
[Black "Stoeckmann, Helmut"]
[Result "1/2-1/2"]
[WhiteElo "2034"]
[BlackElo "1988"]
[PlyCount "88"]
[EventDate "2018.09.01"]
[EventType "team-tourn"]
[EventRounds "9"]
[EventCountry "GER"]
[SourceTitle "EXT 2020"]
[Source "ChessBase"]
[SourceDate "2019.10.17"]
[SourceVersion "1"]
[SourceVersionDate "2019.10.17"]
[SourceQuality "1"]
[WhiteTeam "Borken"]
[BlackTeam "Telgte"]
[WhiteTeamCountry "GER"]
[BlackTeamCountry "GER"]

1. d4 Nf6 2. Nf3 e6 3. g3 Be7 4. Bg2 0-0 5. 0-0 d6 6. c4 Nbd7 7. Nc3 e5 8. dxe5 dxe5 9. Qc2 c6 10. Rd1 Qc7 11. b3 Re8 12. Nd2 Nf8 13. Bb2 Be6 14. Nce4 Nxe4 15. Bxe4 Rad8 16. Nf3 f6 17. Nh4 Rxd1+ 18. Rxd1 Rd8 19. Rxd8 Qxd8 20. a3 a5 21. c5 Bd5 22. Bxd5+ Qxd5 23. b4 axb4 24. axb4 g6 25. Ng2 Kg7 26. Ne3 Qe6 27. Nc4 Kf7 28. Ba3 Qg4 29. Na5 Qd4 30. Nxb7 Ne6 31. Na5 Ng5 32. Qc4+ Qxc4 33. Nxc4 Ke6 34. f3 e4 35. h4 Nf7 36. Kf2 f5 37. fxe4 fxe4 38. Ke3 Ne5 39. Nd2 Kd5 40. Bc1 Ng4+ 41. Kf4 Nf2 42. Nb3 Bf6 43. Ke3 Ng4+ 44. Kf4 Nf2 1/2-1/2

[Event "Muensterland Verbandsklasse 1415"]
[Site "Germany"]
[Date "2015.03.21"]
[Round "8.3"]
[White "Wetterau, Georg"]
[Black "Beckmann, David"]
[Result "0-1"]
[WhiteElo "1759"]
[BlackElo "1947"]
[PlyCount "56"]
[EventDate "2014.09.13"]
[EventType "team-tourn"]
[EventRounds "9"]
[EventCountry "GER"]
[SourceTitle "EXT 2016"]
[Source "ChessBase"]
[SourceDate "2015.10.08"]
[SourceVersion "1"]
[SourceVersionDate "2015.10.08"]
[SourceQuality "1"]
[WhiteTeam "Nordwalde"]
[BlackTeam "Borken"]
[WhiteTeamCountry "GER"]
[BlackTeamCountry "GER"]

1. e4 d5 2. Nc3 dxe4 3. Nxe4 Nd7 4. Nf3 Ngf6 5. Ng3 e6 6. d4 c5 7. c3 Be7 8. Bd3 0-0 9. 0-0 b6 10. Ne5 Bb7 11. Bg5 Nxe5 12. dxe5 Qd5 13. Qf3 Qxf3 14. gxf3 Nd5 15. Bxe7 Nxe7 16. Be4 Bxe4 17. Nxe4 Ng6 18. f4 Nxf4 19. Rad1 Rfd8 20. Nd6 Rd7 21. Nb5 Rad8 22. Rd6 Rxd6 23. exd6 a6 24. Na3 b5 25. Rd1 c4 26. b3 Ne2+ 27. Kf1 Nxc3 28. Rd4 cxb3 0-1

[Event "Muensterland Verbandsklasse 1314"]
[Site "Germany"]
[Date "2013.12.21"]
[Round "4.3"]
[White "Voss, Norbert"]
[Black "Beckmann, David"]
[Result "1/2-1/2"]
[WhiteElo "1849"]
[BlackElo "1966"]
[PlyCount "98"]
[EventDate "2013.09.21"]
[EventType "team-tourn"]
[EventRounds "9"]
[EventCountry "GER"]
[SourceTitle "EXT 2015"]
[Source "ChessBase"]
[SourceDate "2014.11.20"]
[SourceVersion "1"]
[SourceVersionDate "2014.11.20"]
[SourceQuality "1"]
[WhiteTeam "Muenster SK IV"]
[BlackTeam "Borken"]
[WhiteTeamCountry "GER"]
[BlackTeamCountry "GER"]

1. b3 d5 2. Bb2 Bg4 3. Nf3 Nd7 4. d4 e6 5. h3 Bh5 6. e3 Ngf6 7. Be2 Bb4+ 8. c3 Bd6 9. 0-0 0-0 10. c4 c6 11. Nc3 Ne4 12. Nd2 Nxc3 13. Bxc3 Bg6 14. Nf3 Nf6 15. c5 Bc7 16. Ne5 Ne4 17. Rc1 Bxe5 18. dxe5 Nxc3 19. Rxc3 Qa5 20. Qd2 f6 21. exf6 Rxf6 22. Rc2 Qc7 23. Bd3 Raf8 24. Bxg6 Rxg6 25. e4 Qf7 26. Qe2 Qf4 27. exd5 exd5 28. Rc3 Rgf6 29. Rf3 Qd4 30. Rxf6 Qxf6 31. Re1 h6 32. Qe6+ Qxe6 33. Rxe6 Kf7 34. Rd6 Re8 35. Kf1 Re6 36. Rd7+ Re7 37. Rd6 Ke8 38. g3 Rd7 39. Re6+ Re7 40. Rd6 Rd7 41. Re6+ Kd8 42. h4 a5 43. h5 Kc7 44. a3 d4 45. Ke2 Rd5 46. b4 axb4 47. axb4 Rxh5 48. Re7+ Kb8 49. Rxg7 b6 1/2-1/2